Laporan Projek FPSS (Ijazah Bacelor Sains Perikanan)1993.

Main Author: Saufi Affandi Talib
Published: Serdang, Selangor: Universiti Pertanian Malaysia, 1993.
LEADER 00999cam a2200193 7i4500
001 0000135391
005 20080213090000.0
002 0000000454
090 0 0 |a LP 39 FPSS 1 1993  
100 0 # |a Saufi Affandi Talib  
235 0 0 |a Kajian aspek-aspek udang laut di Perairan Mersing   |c Saufi Affandi Talib. 
245 0 0 |a Laporan Projek FPSS (Ijazah Bacelor Sains Perikanan)1993. 
260 # # |a Serdang, Selangor:   |b Universiti Pertanian Malaysia,   |c 1993. 
300 |a vi, 85 p.:   |b ill. (some col.);   |c 30 cm.. 
502 # # |a Kajian aspek-aspek udang laut dengan menggunakan program ELEFAN telah dijalankan di Perairan Endau, Mersing dan Sedili. Sejumlah 18 spesis udang telah ditangkap melalui operasi pukat tunda dengan Parapenaeopsis coromandelica Alcock (1 854 spesiman)rupakan spesis paling dominan...[et al.] 
602 # # |a Laporan Projek FPSS 1993 
999 |a 1100023739  |b Book  |c Koleksi Arkib  |e BILIK ARKIB 
999 |a 100023739  |b Book  |c Koleksi Arkib  |e BILIK ARKIB 
999 |a 1100023738  |b Book  |c Koleksi Arkib  |e BILIK ARKIB